000 00672nam a2200277Ia 4500
005 20260324142856.0
008 008 260324s9999 xx 000 0 eng d
020 _a9780203772881
037 _aEBOOK
040 _aCRL
040 _beng
040 _cCRL
041 _2eng
041 _aeng
084 _qCRL
100 _aJohn S. Gero; Mary Lou Maher
_91213556
245 0 _aModeling Creativity and Knowledge-Based Creative Design
260 _bTaylor and Francis
260 _c1993
365 _a
365 _b230
856 _uhttp://www.taylorfrancis.com/books/9780203772881
942 _cEBOOK
999 _c1818289
_d1818289